Qui suis-je ? Football 2023 #6 - Statistiques

Statistiques générales
  • Ce quiz a été pris 544 fois
  • Le résultat moyen est 4 sur 8
Statistiques - réponses
Par images Réponse % Correct
Pedri
93%
Saka
72%
Fati
48%
Gravenberch
48%
Bergwijn
41%
Lacroix
41%
Dalot
37%
Bastoni
12%
Aucun quiz correspondant
Distribution des résultats
% des personnes avec chaque résultat
Percentile par nombre de réponses
Votre historique - résultats
Vous n’avez pas pris ce quiz